00534nam a2200193 a 4500001001300000003000900013005001700022008004100039020001000080082001800090100002400108245006700132260004000199300000900239500003500248505001000283650002300293700002400316nice12345678IN_TiNIC20260116011838.0050524s1902 lona grp 000 0 eng  ac10000a297.1227bHIR aHirschfeld, Hartwig aNew Researches in to the Cojposition and Exegesis of the Qoran aLondonbRoyal Asiatic Societyc1902 a155p aincludes index and biblioraphy2 aIndex aQuran-Hermeneutics1 aHirschfeld, Hartwig